000 00643nam a22002297a 4500
003 OSt
008 260306b2006 |||||||| |||| 00| 0 eng d
020 _a9789354249969
082 _a658.562
_bMOR-L
100 _aMorgan, John
245 _aLean six sigma for dummies /
_cJohn Morgan and Martin Brenig-Jones
250 _a3rd
260 _aNew Delhi :
_bWiley,
_c2006.
300 _axi, 350 p. ;
650 _aSix sigma (Quality control standard)
650 _aQuality control
650 _aLean manufacturing
650 _aProcess improvement
650 _aOperations management
700 _aJones, Martin Brenig
942 _2ddc
_cBK
999 _c21615
_d21615